000 00467nam a2200181Ia 4500
001 9777
005 20260306161743.0
008 260306t1997||||xx |||||||||||||| ||spa||
041 _aESP
082 _a423.61
_bB84
100 _aBrownstein, Samuel C.
_eAUT
245 0 _aHow to prepare for the GRE, graduate record examination:
_bgeneral test
260 _c1997
300 _a662 páginas :
_c28 cm.
650 _aGEN
654 _aCHU
942 _cLIB
_dJUS
_fJUS
_2ddc
_n
999 _c9777
_d9777